000 00282nam a22001097a 4500
008 170116b xxu||||| |||| 00| 0 eng d
020 _a9780131714724
041 _aeng
080 _22ND
_a618.2
245 _aMEDICAL-SURGICAL NURSING CARE
_cBURKE & LEMONE & MOHN-BROWN
942 _2udc
_cBK
999 _c2939
_d2939